=LDR 00000nam 2200000 4500 =001 INLIS000000000035301 =005 20200924082148 =035 ##$$a 0010-061300000035301 =008 200924################g##########0#ind## =041 ##$$a ind =082 ##$$a 304.28 =090 ##$$a 304.28, Ind h =245 ##$$a Hari cinta puspa dan satwa nasional 2008 /$c Kementerian negara lingkungan hidup =260 ##$$a Jakarta :$b Panitia Pelaksana Peringtan Hari Cinta Puspa dan Satw Nasional,$c 2008 =300 ##$$a iii,73 Hlm. : $b ilus ; $c 21x 15 cm =650 #4$$a Lingkungan Hidup =850 ##$$a NBPNMAT =084 ##$$a 304.28 HAR =250 ##$$a cet. 1 =990 ##$$a 31011364